বঙ্গবন্ধু হত্যা মামলা : (Record no. 7187)
[ view plain ]
| 000 -LEADER | |
|---|---|
| fixed length control field | 00859nam a2200229 a 4500 |
| 001 - CONTROL NUMBER | |
| JCCL Control Number | 7187 |
| 003 - CONTROL NUMBER IDENTIFIER | |
| JCCL marc code | BD-JhCC |
| 005 - DATE AND TIME OF LATEST TRANSACTION | |
| control field | 20180207130032.0 |
| 008 - FIXED-LENGTH DATA ELEMENTS--GENERAL INFORMATION | |
| fixed length control field | 171220s2010 bg |||| ||a| 000 0 m d |
| 020 ## - INTERNATIONAL STANDARD BOOK NUMBER | |
| International Standard Book Number | 9847015601621 |
| 035 ## - SYSTEM CONTROL NUMBER | |
| system control number | (BD-JhCC)7187 |
| 040 ## - CATALOGING SOURCE | |
| Original cataloging agency | BD-JhCC |
| Modifying agency | BD-JhCC |
| 041 ## - LANGUAGE CODE | |
| Language code of Book | ben |
| 082 ## - DEWEY DECIMAL CLASSIFICATION NUMBER | |
| Classification number | 891.4435 |
| Author mark and Year | BAN 2010 |
| 245 ## - TITLE STATEMENT | |
| Title | বঙ্গবন্ধু হত্যা মামলা : |
| Remainder of title | প্রাথমিক তথ্য-বিবরণী থেকে চূড়ান্ত রায় / |
| Statement of responsibility, etc | স্বপন দাশগুপ্ত (সম্পাদিত) |
| 260 ## - PUBLICATION, DISTRIBUTION, ETC. (IMPRINT) | |
| Place of publication, distribution, etc | ঢাকা : |
| Name of publisher, distributor, etc | মাওলা ব্রাদার্স, |
| Date of publication, distribution, etc | 2010. |
| 300 ## - PHYSICAL DESCRIPTION | |
| Pagination | 799 p. : |
| Dimensions | 22 cm. |
| 650 ## - SUBJECT ADDED ENTRY--TOPICAL TERM | |
| Topical term or geographic name as entry element | Detective and mystery Stories |
| 700 ## - ADDED ENTRY--PERSONAL NAME | |
| Personal name | দাশগুপ্ত, স্বপন |
| 942 ## - ADDED ENTRY ELEMENTS (KOHA) | |
| Source of classification or shelving scheme | Dewey Decimal Classification |
| Koha item type | Books |
| Source of classification or shelving scheme | Damaged status | Not for loan | Home library | Current library | Shelving location | Date of accession | Cost, normal purchase price | Total Checkouts | Full call number | Barcode | Date last seen | Copy number | Koha item type |
|---|---|---|---|---|---|---|---|---|---|---|---|---|---|
| Dewey Decimal Classification | JCC Rouf Library | JCC Rouf Library | General Stacks | 02/06/2018 | 800.00 | 891.4435 BAN 2010 | 9594 | 02/06/2018 | C-1 | Books |